| 000 | 00516nam a2200121Ia 4500 | ||
|---|---|---|---|
| 008 | 220616s9999||||xx |||||||||||||| ||und|| | ||
| 100 | _aLong, William J. | ||
| 245 | 2 |
_aA Buddhist Approach to International Relations _bRadical Interdependence |
|
| 546 | _aEnglish[eng] | ||
| 650 | _aInternational Relations Theory||International Security Studies||International Relations||Buddhism||Politics||Asoka||Buthan||Open Access | ||
| 856 | _uhttps://library.oapen.org/bitstream/20.500.12657/47296/1/9783030680428 | ||
| 942 | _cEB | ||
| 999 |
_c20997 _d20997 |
||